000 00800nam a2200241 a 4500
001 BRCA_812
005 20190320203148.0
008 000710s2000 it-a---##b---#001-0#eng-#
020 _a8881186810
040 _aDLC
_cDLC
_dDLC
041 _aeng
_hitager
050 4 _aNK5198
_b.V46 2000
100 1 _aVenini Diaz de Santillana, Anna
_92705
245 1 0 _aVenini
_bcatalogo ragionato : 1921-1986
_cAnna Venini Diaz de Santillana.
260 _aGincura, Milán
_bSkira
_c2000
300 _a320 p.
_bil. (algunas a color)
_c28 cm.
500 _aIncluye glosario, índice de nombres e índice de lugares
504 _aBibliografía : p. 313-316
610 2 4 _aVenini S.p.A.
_vCatálogos
_92706
650 1 4 _aCristalería
_vCatálogos
_xHistoria
_ySiglo XX
_zItalia
_92707
653 0 _aVidrio
942 _2lcc
_cB
999 _c707
_d707